000 00873cab a2200241 4500
001 ABS55895
008 090401t1996 xxu||||| |||| 00| 0 eng d
035 _a(Sirsi) u19545
041 _aeng
245 _aRestructuring
260 _c1996
350 _a0
490 _aForestry & British Timber
_v25(9) September 1996, 14-16(3)
520 _aAs the large conifer forests planted earlier this century reach the end of the first rotation, the opportunity to assess the objectives of current forestry policy has arisen. This article discusses the principles and benefits of restructuring and looks towards a future National Forest Strategy.
650 _aFORESTRY POLICY
650 _aFORESTRY
650 _aNATIONAL FOREST STRATEGY
650 _aRESTRUCTURING
650 _aTIMBER PRODUCTION
690 _aRURAL PRACTICE
942 _n0
948 _c04/03/1997
999 _c13060
_d13060